มุมมองปกติ
มุมมองแบบ MARC
- Sewage disposal
รายการ Topical Term
001 - CONTROL NUMBER
- control field: 35289
003 - CONTROL NUMBER IDENTIFIER
- control field: NALT
005 - DATE AND TIME OF LATEST TRANSACTION
- control field: 20181214105442.0
008 - FIXED-LENGTH DATA ELEMENTS
- fixed length control field: 181214|| aca||babn | a|a d
040 ## - CATALOGING SOURCE
- Original cataloging agency: NALT
150 ## - HEADING--TOPICAL TERM
- Topical term or geographic name entry element: Sewage disposal
- Geographic subdivision: Samut Prakan
- Geographic subdivision: Bang Phli
- General subdivision: Case study
